عرض عادي عرض مارك
  • Carraher, Charles E.,

مدخل إسم شخص

عدد التسجيلات المستخدمة في: 1

001 - رقم الضبط

  • حقل الضبط: 40571

003 - معرف رقم الضبط

  • حقل الضبط: OSt

005 - تاريخ ووقت أخر عملية

  • حقل الضبط: 20131118180932.0

008 - عناصر بيانات ثابتة الطول

  • حقل تحكم ثابت الطول: 131118|||a|||||| | ||| d

040 ## - مصدر الفهرسة

  • هيئة الفهرسة الأصلية: OSt
  • وكالة الكتابة: OSt

100 ## - مدخل -- أسم شخص

  • إسم شخص: Carraher, Charles E.,
  • العنوان و الكلمات الأخري المرتبطة بالأسم: Jr.,
  • تواريخ مرتبطة بالاسم: 1941-

670 ## - بيانات المصدر موجوده

  • الاستشهاد بالمصدر: Work cat.: (OSt)0: Carraher, Charles E., Jr., 1941-, Introduction to polymer chemistry /, c2013.